LEADER 00641nas a2200169 i 4500 001 000000007955 003 CaOOAMICUS 005 20190125171559.0 008 180830s1975 it u0 ita u 040 $aSeMil$bita 245 10$aCollana di psicologia pastorale e morale. 260 $aTorino :$bMarietti,$c1975. 300 $av. ;$c20 cm. 774 0 $aRulla, Luigi Maria $tPsicologia del profondo e vocazione.$dTorino : Marietti, 1975-1976-$w()8137 996 $6245$aCollana di psicologia pastorale e morale$9(OLS)http://semarc/title/10595 996 $6260$aTorino :$bMarietti$9(OLS)http://semarc/publisher/29916 LEADER 01007nam a2200253 i 4500 001 000000136968 003 CaOOAMICUS 005 20050405000000.0 008 050405s1981 xxu u000 u eng u 013 $a110705 020 $a0-312-04281-7 040 $aSeMil$bita 100 1 $aWest, Morris,$d<1916-1999>.$0(OLS)http://semarc/name/39157 245 14$aThe clowns of God /$cMorris West. 260 $aNew York :$bSt. Martin's Press,$ccopyr. 1981. 300 $a370 p. ;$c21 cm. 500 $aFondo Card. C.M. Martini. 850 $aSeMil 852 $aSeMil$W1$xVenegono$y1$m1W II 206$j269231$B90537$CSeMilBibl$Z2$F95374 $81 941 1 $a4 961 $aOmaggio: Martini Card. Carlo Maria. -- Con dedica autografa dell'autore (Morris West) al card. Martini (Sydney, 6 agosto 1996) 996 $6020$a0-312-04281-7$9(OLS)http://semarc/number/124583 996 $6245$aThe clowns of God$9(OLS)http://semarc/title/200134 996 $6260$aNew York :$bSt. Martin's Press$9(OLS)http://semarc/publisher/47020